000 00351 a2200157 4500
001 57055
020 _a8502032887
040 _cAnchieta - Pituba
100 _aMartos, Colder Rivas
240 1 0 _aUma janela para o crime
_lpor
245 1 0 _aUma janela para o crime
300 _a117
362 0 _a2002
650 4 _aLiteratura juvenil
942 _cBK
999 _c57055
_d57055